000
00296nam a2200133Ia 4500
008
220216s9999 xx 000 0 und d
100
_a
Heck C
245
0
_a
Rubber makes movies
260
_b
Rubber Developments
_c
1951
300
_a
58-59
650
_a
Movies
650
_a
Rubber
942
_c
JS
999
_c
67792
_d
67792